1073 1580 1538 1798 1196 1720 1513 1658 1327 1591 1618 1364 1888 1127 1145 1324 1852 1853 1687 1034 1001 1821 1002 1959 1857 1631 1187 1465 1581 1783 1758 1945 1011 2000 1446 1583 1788 1962 1882 1119 1469 1213 1747 1731 1270 1053 1622 1637 1794 1332 1670 1688 1318 1247 1568 1938 1118 1694 1829 1192 1938 1126 1242 1193 1399 1276 1440 1526 1612 1958 1139 1218 1045 1122 1335 1973 1560 1833 1862 1839 1551 1329 1078 1749 1628 1871 1602 1025 1000 1522 1462 1609 1593 1824 1466 1716 1777 1007 1901 BCNSPRNW ULIB Ver.6.0+V

เปลี่ยนเป็นภาษาไทย

Change to English
 แสดงรายละเอียดบรรณานุกรม
  กลับหน้าหลัก

Brief Record : Get Marc (ISO 2709) : E-mail record : QR code < ปิดหน้าต่าง
LEADER : 00000nam 2200000uu 4500
001    13399110763
003     ULIB
008    110608s2546||||th 000 0 tha d
020    9747597438 (ล.1)
020    9747597543 (ล.2)
020    9747597535 (ล.2)
020    9747597624 (ล.3)
090    นว^bท869ล ล.1-3 2544-2546
100 1  โทลคีน, เจ.อาร์.อาร์,^dค.ศ.1892-1973
245 10 ลอร์ด ออฟ เดอะ ริงส์ =^bThe Lord of the rings /^cเจ.อาร์.อาร์ โทลคีน, เรื่องและภาพประกอบ ; วัลลี ชื่นยง, แปล
246 31 Lord of the rings
260    กรุงเทพฯ :^bแพรวเยาวชน,^c2544-<2546>
300    3 เล่ม ;^c22 ซม. +^eแผ่นพับ 1 แผ่น
440  0 วรรณกรรมเยาวชน
505 0  ^gล.1^tมหันตภัยแห่งแหวน --^gล.2^tหอคอยคู่พิฆาต --^gล.3^tกษัตริย์คืนบัลลังก์
650  7 นวนิยายอังกฤษ^xการแปลเป็นภาษาไทย
700 0  วัลลี ชื่นยง,^eผู้แปล
700 1  Tolkien, J.R.R.^q(John Ronald Reuel),^d1892-1973
740 02 มหันตภัยแห่งแหวน
740 02 หอคอยคู่พิฆาต
740 02 กษัตริย์คืนบัลลังก์
945    ^p325^l0^i014804
945    ^p325^l0^i030133
945    ^p325^l0^i014803
945    ^p325^l0^i014805
995    เกษร
999 ^a ใช้งานได้ทุกระบบ
รายการนี้ยังไม่มีแท็ก
คุณยังไม่ได้ล็อกอิน คุณสามารถมีกิจกรรมร่วมกับเว็บไซต์ได้ แต่ต้องล็อกอินก่อน ::
  ล็อกอิน

รายการสื่อสารสนเทศ

ลำดับที่ ประเภท เลขเรียก/บาร์โค้ด สถานที่ สถานะ
- ไม่พบข้อมูล -

BibComment


ยังไม่เคยถูกคอมเมนท์

คอมเมนท์ทรัพยากรรายการนี้
  คอมเมนท์: ลอร์ด ออฟ เดอะ ริ..

สมาชิกที่บันทึกรายการนี้ไว้ในรายการโปรด
นางสาวนุชศรา พรมชัย

 Copyright 2026. Bcnsprnw @Library